Digesting 400 ppm for global mean CO2 concentration (Record no. 57206)

MARC details
000 -LEADER
fixed length control field 00311nam a2200121Ia 4500
100 ## - MAIN ENTRY--AUTHOR NAME
Personal name Bala C
245 #0 - TITLE STATEMENT
Title Digesting 400 ppm for global mean CO2 concentration
260 ## - PUBLICATION, DISTRIBUTION, ETC. (IMPRINT)
Name of publisher Current Science
Year of publication 2013
300 ## - PHYSICAL DESCRIPTION
Number of Pages 1471
650 ## - SUBJECT ADDED ENTRY--TOPICAL TERM
Topical Term CO2 concentration
942 ## - ADDED ENTRY ELEMENTS (KOHA)
Koha item type Journals
Holdings
Withdrawn status Lost status Damaged status Not for loan Home library Current library Shelving location Date acquired Serial Enumeration / chronology Koha item type
      Journals RRII Library RRII Library Climate change 19/08/2013 Volume 104, Issue 11 Journals